Artist's Biggest Songs #8 (Rock) - Statistiken

Allgemein
  • Dieses Quiz wurde 146 mal gespielt
  • Das Durchschnittsergebnis liegt bei 9 aus 15
Antwortstatistiken
Hint Antwort % Korrekt
Wake Me up When September Ends Good Riddance (Time of Your Life) Boulevard of Broken Dreams American Idiot Basket Case Green Day
88%
No One Like You Send Me An Angel Still Loving You Rock You Like a Hurricane Wind Of Change Scorpions
87%
Knockin' On Heaven's Door November Rain Paradise City Welcome To The Jungle Sweet Child O'Mine Guns N'Roses
80%
Otherside Snow (Hey Oh) Can't Stop Under the Bridge Californication Red Hot Chili Peppers
80%
Crazy Sweet Emotion Walk This Way I Don't Want To Miss A Thing Dream On Aerosmith
77%
Animal Instinct Ode To My Family Dreams Linger Zombie The Cranberries
76%
Sympathy For The Devil Gimme Shelter Start Me Up (I Can't Get No) Satisfaction Paint It, Black The Rolling Stones
72%
My Way Take A Look Around Behind Blue Eyes Rollin' (Air Raid Vehicle) Break Stuff Limp Bizkit
65%
Getting Away With Murder Between Angels And Insects Help Scars Last Resort Papa Roach
64%
Why Don't You Get A Job Pretty Fly (For A White Guy) Self Esteem The Kids Aren't Alright You're Gonna Go Far, Kid The Offspring
57%
Everybody's Fool Call Me When You're Sober Going Under My Immortal Bring Me To Life Evanescence
42%
Pieces The Hell Song Still Waiting Fat Lip In Too Deep Sum 41
36%
Twisted Transistor Got the Life Falling Away from Me Coming Undone Freak On a Leash Korn
33%
Sleepwalking Kingslayer Drown Throne Can You Feel My Heart Bring Me The Horizon
29%
Be Like That It's Not My Time When I'm Gone Here Without You Kryptonite 3 Doors Down
28%
Keine übereinstimmenden Quizze gefunden
Verteilung der Resultate
Anzahl Personen mit jedem Resultat
Perzentil nach korrekt beantworteten Fragen
Ihre Resultats-Entwicklung
Sie haben dieses Quiz noch nicht gespielt